Conservación del azulejo en México. (Record no. 5768)

MARC details
000 -CABECERA
campo de control de longitud fija 00992nam a2200241 a 4500
001 - NÚMERO DE CONTROL
campo de control BRCA_6081
005 - FECHA Y HORA DE LA ÚLTIMA TRANSACCIÓN
campo de control 20190320205328.0
008 - DATOS DE LONGITUD FIJA--INFORMACIÓN GENERAL
campo de control de longitud fija 120608s1984----mx-#---###---#000-0#spa-#
050 #4 - SIGNATURA TOPOGRÁFICA DE LA BIBLIOTECA DEL CONGRESO
Número de clasificación NK4670.7.M4
Número de documento/Ítem .V45 1984
100 1# - ENTRADA PRINCIPAL--NOMBRE DE PERSONA
Nombre de persona Velázquez Thierry, Luz de Lourdes
9 (RLIN) 1490
245 10 - MENCIÓN DE TÍTULO
Título Conservación del azulejo en México.
260 ## - PUBLICACIÓN, DISTRIBUCIÓN, ETC.
Lugar de publicación, distribución, etc. Ciudad de México
Fecha de publicación, distribución, etc. 1984
300 ## - DESCRIPCIÓN FÍSICA
Extensión 233 p.
Otras características físicas il., fotografías
502 ## - NOTA DE TESIS
Nota de tesis Tesis Licenciatura (Licenciado en Conservación y Restauración de Bienes Muebles) Escuela Nacional de Conservación, Restauración y Museografía ´Manuel Castillo Negrete´
610 24 - PUNTO DE ACCESO ADICIONAL DE MATERIA--NOMBRE DE ENTIDAD CORPORATIVA
Nombre de entidad corporativa o nombre de jurisdicción como elemento de entrada Museo Franz Mayer (Ciudad de México)
Subdivisión general Colecciones de cerámica
9 (RLIN) 15291
650 14 - PUNTO DE ACCESO ADICIONAL DE MATERIA--TÉRMINO DE MATERIA
Término de materia o nombre geográfico como elemento de entrada Azulejos
Subdivisión general Composición y fabricación
9 (RLIN) 15374
650 14 - PUNTO DE ACCESO ADICIONAL DE MATERIA--TÉRMINO DE MATERIA
Término de materia o nombre geográfico como elemento de entrada Azulejos
Subdivisión general Historia
Subdivisión geográfica México
9 (RLIN) 15375
650 14 - PUNTO DE ACCESO ADICIONAL DE MATERIA--TÉRMINO DE MATERIA
Término de materia o nombre geográfico como elemento de entrada Azulejos
Subdivisión general Conservación y restauración
9 (RLIN) 15376
700 1# - PUNTO DE ACCESO ADICIONAL--NOMBRE DE PERSONA
Nombre de persona Torres Montes, Luis
Término indicativo de función/relación asesor
9 (RLIN) 15377
700 1# - PUNTO DE ACCESO ADICIONAL--NOMBRE DE PERSONA
Nombre de persona Barba Pingarrón, Luis
Término indicativo de función/relación asesor
9 (RLIN) 15378
902 ## - CATALOGADOR
Iniciales TES
942 ## - ELEMENTOS DE PUNTO DE ACCESO ADICIONAL (KOHA)
Fuente del sistema de clasificación o colocación Library of Congress Classification
Tipo de ítem Koha Tesis
Holdings
Estado de retiro Estado de pérdida Estado dañado No para préstamo Localización permanente Ubicación/localización actual Fecha de adquisición Total de préstamos Signatura topográfica completa Código de barras Fecha visto por última vez Precio válido a partir de Tipo de ítem Koha
El ejemplar forma parte de la colección y puede ser consultado según las políticas vigentes.       Biblioteca del Museo Franz Mayer (Rogerio Casas-Alatriste) Biblioteca del Museo Franz Mayer (Rogerio Casas-Alatriste) 24/05/2011   NK4670.7.M4 .V45 1984 TES00047 22/03/2019 22/03/2019 Tesis